Exploration of business and management issues / (Record no. 60548)

MARC details
000 -LEADER
fixed length control field 00786nam a22002297a 4500
005 - DATE AND TIME OF LATEST TRANSACTION
control field 20120109151756.0
008 - FIXED-LENGTH DATA ELEMENTS--GENERAL INFORMATION
fixed length control field 120109t xxu||||| |||| 00| 0 eng d
010 ## - LCCN (DPL NO)
LC control number ENG-104656
020 ## - INTERNATIONAL STANDARD BOOK NUMBER
International Standard Book Number 9788174468390
Terms of availability 795.00
035 ## - SYSTEM CONTROL NUMBER
System control number EN-88189
037 ## - SOURCE OF ACQUISITION
Source of stock number/acquisition DBAD/PUB
040 ## - CATALOGING SOURCE
Original cataloging agency DPL
Language of cataloging Eng
100 ## - MAIN ENTRY--PERSONAL NAME
9 (RLIN) 38706
245 ## - TITLE STATEMENT
Title Exploration of business and management issues /
Statement of responsibility, etc edited by Subhash C. Kundu...[et al]
260 ## - PUBLICATION, DISTRIBUTION, ETC. (IMPRINT)
Place of publication, distribution, etc New Delhi
Name of publisher, distributor, etc Excel Books
Date of publication, distribution, etc 2010
270 ## - ADDRESS
Address A-45, Naraina, Phase1
City New Delhi
Postal code 110028
300 ## - PHYSICAL DESCRIPTION
Extent xi,566p.
Dimensions 24cm(pbk)
500 ## - GENERAL NOTE
General note Includes bibliographical references
700 ## - ADDED ENTRY--PERSONAL NAME
Personal name Kundu, Subhash C.
9 (RLIN) 38637
942 ## - ADDED ENTRY ELEMENTS (KOHA)
Source of classification or shelving scheme Dewey Decimal Classification
Item type English Books
Call number suffix EXP
Holdings
Withdrawn status Lost status Source of classification or shelving scheme Damaged status Not for loan Collection code Home library Current library Date acquired Source of acquisition Cost, normal purchase price Total Checkouts Full call number Barcode Date last seen Copy number Cost, replacement price Koha item type
    Dewey Decimal Classification   Not For Loan Non-fiction D.B.Act.Division D.B.Act.Division 09/01/2012 DBAD/PUB 795.00   EXP EN-88189 09/01/2012 1 795.00 English Books

© Delhi Public Library
Hit Counter
free hit counter